LEADER 00891nam a2200205 i 4500 001 000000215405 003 CaOOAMICUS 005 20120822000000.0 008 120822s1921 it u000 u ita u 013 $a194277 040 $aSeMil$bita 245 10$aReginae montis oropae, 4. secolare incoronazione :$bRassegna storico-artistica delle feste centenarie 1920. 250 $a2. ed. 260 $aBiella :$bOspizio di Caritą,$c1921. 300 $a277 p. :$bill. ;$c25 cm. 650 4$aOropa - Santuario di Oropa.$0(OLS)http://semarc/subject/45119 850 $aSeMil 852 $aSeMil$W1$xVenegono$y1$m3P IV 82$j165825$B165825$CSeMilBibl$Z2$F176785 $81 996 $6245$aReginae montis oropae, 4. secolare incoronazione :$bRassegna storico-artistica delle feste centenarie 1920$9(OLS)http://semarc/title/310098 996 $6260$aBiella :$bOspizio di Caritą$9(OLS)http://semarc/publisher/42160 LEADER 00922nam a2200229 i 4500 001 000000180173 003 CaOOAMICUS 005 20090629000000.0 008 090629s1953 it u000 u eng u 013 $a157818 040 $aSeMil$bita 100 1 $aHonigmann, Ernest.$0(OLS)http://semarc/name/40557 245 10$aPatristic studies /$cBy Ernest Honigmann. 260 $aCittą del Vaticano :$bBiblioteca Apostolica Vaticana,$c1953. 300 $aVII, 254 p. ;$c26 cm. 490 0 $aStudi e testi ;$v173 650 4$aPatristica - Studi.$0(OLS)http://semarc/subject/3628 830 0$aStudi e testi ;$v173.$0(OLS)http://semarc/title/153 850 $aSeMil 852 $aSeMil$W1$xVenegono$y1$m3C V 175$j130925$B130925$CSeMilBibl$Z2$F142670 $81 996 $6245$aPatristic studies$9(OLS)http://semarc/title/258720 996 $6260$aCittą del Vaticano :$bBiblioteca Apostolica Vaticana$9(OLS)http://semarc/publisher/29667